[Event "GER-chT U14"]
[Site "Verden an der Aller"]
[Date "2017.12.28"]
[Round "4.4"]
[White "Pysarenko, Kyrill"]
[Black "Gallasch, Robin"]
[Result "1/2-1/2"]
[WhiteElo "1662"]
[BlackElo "1752"]
[PlyCount "103"]
[EventDate "2017.12.26"]
[EventType "team-swiss"]
[EventRounds "7"]
[EventCountry "GER"]
[SourceTitle "CBM 182 Extra"]
[Source "ChessBase"]
[SourceDate "2018.02.23"]
[SourceVersion "1"]
[SourceVersionDate "2018.02.23"]
[SourceQuality "1"]
[WhiteTeam "Berlin Empor"]
[BlackTeam "Porz SG"]
[WhiteTeamCountry "GER"]
[BlackTeamCountry "GER"]

1. e4 c6 2. d4 d5 3. Nc3 dxe4 4. Nxe4 Bf5 5. Ng3 Bg6 6. N1e2 Nd7 7. Nf4 e6 8. Nxg6 hxg6 9. Bd3 Ngf6 10. Ne4 Nxe4 11. Bxe4 Nf6 12. Bf3 Bd6 13. h3 Qe7 14. Qe2 0-0-0 15. Bg5 Qc7 16. c3 Kb8 17. a4 e5 18. dxe5 Bxe5 19. 0-0 Rde8 20. Qc4 Qc8 21. Bf4 Ka8 22. Rfe1 Bxf4 23. Qxf4 Qb8 24. Qc4 Qc7 25. a5 a6 26. b4 Rxe1+ 27. Rxe1 Rd8 28. Qc5 Kb8 29. Re7 Rd7 30. Re1 Qd6 31. Qxd6+ Rxd6 32. Re7 Rd7 33. Rxd7 Nxd7 34. Kf1 Kc7 35. Ke2 f5 36. Ke3 Ne5 37. Bd1 Kd6 38. Kd4 Nd7 39. Bf3 Nf8 40. c4 Ne6+ 41. Kc3 Ng5 42. Kd4 Nxf3+ 43. gxf3 g5 44. Kd3 c5 45. b5 Ke6 46. Ke2 Kf6 47. Kd3 Ke5 48. Ke3 g6 49. Kd3 Kf4 50. Ke2 Ke5 51. Ke3 f4+ 52. Kd3 1/2-1/2

[Event "GER-chT North U12"]
[Site "Magdeburg"]
[Date "2014.09.11"]
[Round "1.2"]
[White "Gazizov, Max"]
[Black "Pysarenko, Kyrill"]
[Result "0-1"]
[WhiteElo "1214"]
[BlackElo "1453"]
[PlyCount "58"]
[EventDate "2014.09.11"]
[EventType "team-swiss"]
[EventRounds "7"]
[EventCountry "GER"]
[SourceTitle "EXT 2016"]
[Source "ChessBase"]
[SourceDate "2015.10.08"]
[SourceVersion "1"]
[SourceVersionDate "2015.10.08"]
[SourceQuality "1"]
[WhiteTeam "Rostock Makkabi"]
[BlackTeam "Berlin Empor"]
[WhiteTeamCountry "GER"]
[BlackTeamCountry "GER"]

1. d4 d5 2. e3 Nf6 3. Bd3 b6 4. f4 c5 5. c3 e6 6. Nf3 Nbd7 7. 0-0 Bd6 8. Ne5 Bb7 9. g4 h6 10. Qf3 Qc7 11. Nxd7 Qxd7 12. Nd2 0-0-0 13. e4 dxe4 14. Bxe4 Nxe4 15. Nxe4 f5 16. gxf5 exf5 17. Nxd6+ Qxd6 18. dxc5 Qxc5+ 19. Be3 Qe7 20. Qe2 Qe6 21. Rfe1 Qg6+ 22. Kf1 Qc6 23. Rad1 Rde8 24. Qc2 Qh1+ 25. Bg1 Ba6+ 26. Kf2 Re4 27. Rxe4 fxe4 28. Qa4 Qf3+ 29. Ke1 Qe2# 0-1